Monetary policy in Japan

Uloženo v:
Podrobná bibliografie
Médium: Kniha
Jazyk:Undetermined
Vydáno: Paris OECD 1972
Témata:
Tagy: Přidat tag
Žádné tagy, Buďte první, kdo otaguje tento záznam!
Thư viện lưu trữ: Trung tâm Học liệu Trường Đại học Cần Thơ
LEADER 00423nam a2200169Ia 4500
001 CTU_79467
008 210402s9999 xx 000 0 und d
082 |a 332.4 
082 |b M742 
245 0 |a Monetary policy in Japan 
260 |a Paris 
260 |b OECD 
260 |c 1972 
650 |a Finance,Monetary policy 
650 |z Japan,Japan 
904 |i M.Loan 
980 |a Trung tâm Học liệu Trường Đại học Cần Thơ